Charakteristika defektov komponentov vyhotovených metódou WAAM

Na minha lista:
Detalhes bibliográficos
Autor principal: Magula, Dávid (Author)
Outros Autores: Urminský, Ján (Thesis advisor)
Formato: Manuscrito Livro
Idioma:eslovaco
Publicado em: 2024
Assuntos:
Acesso em linha:http://is.stuba.sk/zp/portal_zp.pl?podrobnosti=186343
Tags: Adicionar Tag
Sem tags, seja o primeiro a adicionar uma tag!

MARC

LEADER 00000ntm a22000003a 4500
001 stuzp98125
003 SK-STU
005 20240629211830.8
007 ta
008 150427s2015----xo-----f-mn---000-0-slo-d
040 |a STU  |b slo 
041 0 |a slo 
100 1 |a Magula, Dávid  |u 063000  |4 aut  |U MTF Materiálovotechnologická fakulta  |T MTF Ústav výrobných technológií  |X 117501  |U M3000  |Y 83  |7 117501 
242 0 1 |a Defect characteristics of components produced by the WAAM method  |y eng 
245 1 0 |a Charakteristika defektov komponentov vyhotovených metódou WAAM 
260 |c 2024 
650 4 |a WAAM  |2 slo 
650 4 |a NDT  |2 slo 
650 4 |a vizuálna metóda  |2 slo 
650 4 |a naváranie  |2 slo 
650 4 |a aditívne technológie  |2 slo 
650 4 |a hliníková zliatina 5083/5087  |2 slo 
650 4 |a deposition  |2 eng 
650 4 |a additive technologies  |2 eng 
650 4 |a WAAM  |2 eng 
650 4 |a NDT  |2 eng 
650 4 |a visual method  |2 eng 
650 4 |a aluminum alloy 5083/5087  |2 eng 
700 1 |a Urminský, Ján  |u 063100  |k Z1  |4 ths  |U MTF Ústav výrobných technológií  |T MTF Katedra zvárania a spájania materiálov  |X 59820  |U M3100  |Y 162  |7 A000059820 
856 4 |u http://is.stuba.sk/zp/portal_zp.pl?podrobnosti=186343 
996 |c M* BP-9803  |l MMSKP  |s P  |a 0  |w stuzp98125_0001